000
00311nam a2200145Ia 4500
100
_a
Mohammed Amees
650
_a
Electrical Engineering
942
_c
BK
654
_a
electricians
245
_a
Electricians trade theory
260
_b
Uzair pub
082
_a
621.3
_b
SHA
546
_a
ENGLISH
999
_c
18604
_d
18604